000 00602cam a2200181 4500500
005 20260111080257.0
041 _afre
042 _adc
100 1 0 _aBaeteman, Philippe
_eauthor
245 0 0 _aNotion, structure et évolution du patrimoine local
260 _c2018.
500 _a50
690 _acollectivités locales
690 _afinances publiques
690 _apatrimoine
786 0 _nGestion & Finances Publiques | 6 | 6 | 2018-11-30 | p. 10-13 | 1969-1009
856 4 1 _uhttps://droit.cairn.info/revue-gestion-et-finances-publiques-2018-6-page-10?lang=fr&redirect-ssocas=7080
999 _c1616089
_d1616089